[Event "Oberliga Bayern 2324"]
[Site "Germany"]
[Date "2023.11.19"]
[Round "2.6"]
[White "Hahn, Christoph"]
[Black "Koester, Roman"]
[Result "0-1"]
[WhiteElo "2103"]
[BlackElo "2045"]
[PlyCount "118"]
[EventDate "2023.10.22"]
[EventType "team-tourn"]
[EventRounds "9"]
[EventCountry "GER"]
[SourceTitle "EXT 2025"]
[Source "ChessBase"]
[SourceDate "2024.10.14"]
[SourceVersion "1"]
[SourceVersionDate "2024.10.14"]
[SourceQuality "1"]
[WhiteTeam "Kriegshaber"]
[BlackTeam "Muenchen Tarrasch"]
[WhiteTeamCountry "GER"]
[BlackTeamCountry "GER"]

1. Nf3 Nf6 2. b3 g6 3. Bb2 Bg7 4. g3 d6 5. Bg2 e5 6. d3 Nc6 7. c4 0-0 8. a3 a5 9. 0-0 h6 10. Qc2 Be6 11. Nbd2 Qd7 12. Rfe1 Bh3 13. Bh1 Ng4 14. e3 f5 15. Bc3 g5 16. b4 axb4 17. axb4 Rab8 18. b5 Ne7 19. Re2 f4 20. exf4 gxf4 21. d4 exd4 22. Bxd4 Bxd4 23. Nxd4 Ne5 24. Rae1 Nf5 25. Bd5+ Kh8 26. N2f3 Nxd4 27. Nxd4 Qg7 28. Be6 Bg4 29. Bxg4 Qxg4 30. Re4 Qh3 31. Rxe5 dxe5 32. Qe4 exd4 33. Qxd4+ Kg8 34. Qd5+ Rf7 35. Re6 Qf5 36. Re5 Qb1+ 37. Kg2 f3+ 38. Kh3 Qg6 39. g4 c6 40. bxc6 bxc6 41. Qd2 Rbf8 42. c5 Rf4 43. Qd7 Re4 44. Rxe4 Qxe4 45. Qd6 Kg7 46. Qd7+ Rf7 47. Qd8 Qe5 48. Qd2 h5 49. gxh5 Qxh5+ 50. Kg3 Qg6+ 51. Kh3 Qg2+ 52. Kh4 Qxh2+ 53. Kg4 Qg2+ 54. Kh4 Qh1+ 55. Kg3 Qh6 56. Qa2 Qg6+ 57. Kh3 Rf5 58. Qb2+ Kh7 59. Qb7+ Kh6 0-1

[Event "Landesliga Sued 1920"]
[Site "Bayern"]
[Date "2019.12.08"]
[Round "4.4"]
[White "Hahn, Christoph"]
[Black "Wagner, Hans1"]
[Result "1-0"]
[WhiteElo "2152"]
[BlackElo "2077"]
[PlyCount "31"]
[EventDate "2019.09.29"]
[EventType "team-tourn"]
[EventRounds "9"]
[EventCountry "GER"]
[SourceTitle "EXT 2021"]
[Source "ChessBase"]
[SourceDate "2020.10.23"]
[SourceVersion "1"]
[SourceVersionDate "2020.10.23"]
[SourceQuality "1"]
[WhiteTeam "Kriegshaber"]
[BlackTeam "Rottal Inn"]
[WhiteTeamCountry "GER"]
[BlackTeamCountry "GER"]

1. d4 Nf6 2. Nc3 d5 3. Bf4 e6 4. e3 Bd6 5. Bd3 c6 6. Nf3 Qc7 7. Bxd6 Qxd6 8. Ne5 Nbd7 9. f4 a6 10. g4 Qe7 11. Qf3 h5 12. gxh5 Nxh5 13. 0-0-0 Kd8 14. Rhg1 g6 15. Nxf7+ Qxf7 16. Bxg6 1-0

[Event "Landesliga Sued 1819"]
[Site "Bayern"]
[Date "2019.01.20"]
[Round "5.6"]
[White "Hahn, Christoph"]
[Black "Sperr, Johannes"]
[Result "1-0"]
[WhiteElo "2140"]
[BlackElo "2029"]
[PlyCount "185"]
[EventDate "2018.10.21"]
[EventType "team-tourn"]
[EventRounds "9"]
[EventCountry "GER"]
[SourceTitle "EXT 2022"]
[Source "ChessBase"]
[SourceDate "2021.10.06"]
[SourceVersion "1"]
[SourceVersionDate "2021.10.06"]
[SourceQuality "1"]
[WhiteTeam "Kriegshaber SK"]
[BlackTeam "Dillingen"]
[WhiteTeamCountry "GER"]
[BlackTeamCountry "GER"]

1. d4 Nf6 2. Nc3 d5 3. Bg5 Nbd7 4. e3 g6 5. f4 Bg7 6. Nf3 c5 7. Bd3 Qa5 8. 0-0 c4 9. Be2 b5 10. a3 Bb7 11. Ne5 e6 12. g4 Qb6 13. Qe1 h6 14. Qf2 Ne4 15. Nxe4 dxe4 16. Bh4 Rf8 17. a4 a6 18. axb5 axb5 19. Rxa8+ Bxa8 20. Ra1 Bd5 21. Qe1 Nxe5 22. fxe5 g5 23. Bg3 Kd7 24. Qb4 Rb8 25. Be1 Bf8 26. Qa5 Qxa5 27. Rxa5 Be7 28. b3 Bd8 29. Ra7+ Ke8 30. Ba5 Be7 31. Bc7 Rc8 32. Kf1 Kf8 33. bxc4 bxc4 34. Ke1 Bb4+ 35. Kd1 Kg7 36. Bd6 Bxd6 37. exd6 Rd8 38. d7 Kf6 39. Rc7 Ke7 40. Bxc4 Bxc4 41. Rxc4 Kxd7 42. Ra4 Rf8 43. Ra7+ Kd6 44. c4 f5 45. gxf5 Rxf5 46. Ke2 Rf3 47. c5+ Kc6 48. Re7 Rf6 49. Kd2 g4 50. Kc3 h5 51. Kc4 h4 52. Rg7 Rf2 53. Rxg4 Rc2+ 54. Kb3 Rxh2 55. Rxe4 Kd7 56. c6+ Kxc6 57. Rxe6+ Kd7 58. Re5 h3 59. Rh5 Rh1 60. Kc4 h2 61. Kd5 Re1 62. Rh7+ Ke8 63. Rxh2 Rxe3 64. Kd6 Rd3 65. d5 Rd1 66. Rh8+ Kf7 67. Kc6 Ke7 68. Rh7+ Kd8 69. Kd6 Kc8 70. Rh8+ Kb7 71. Re8 Rd2 72. Re5 Kc8 73. Rf5 Rd1 74. Rf8+ Kb7 75. Rd8 Rd2 76. Ke7 Re2+ 77. Kd7 Rd2 78. d6 Rd1 79. Re8 Rd2 80. Re6 Rd1 81. Kd8 Rd2 82. d7 Rd1 83. Re2 Kc6 84. Rc2+ Kb7 85. Rc7+ Kb8 86. Rc5 Kb7 87. Ke7 Re1+ 88. Kd8 Rd1 89. Rc3 Rd2 90. Rb3+ Ka7 91. Rb4 Re2 92. Kc7 Rc2+ 93. Kd6 1-0

[Event "Landesliga Sued 1718"]
[Site "Bayern"]
[Date "2018.02.25"]
[Round "7.3"]
[White "Bensch, Patrick"]
[Black "Hahn, Christoph"]
[Result "1-0"]
[WhiteElo "2213"]
[BlackElo "2111"]
[PlyCount "113"]
[EventDate "2017.10.22"]
[EventType "team-tourn"]
[EventRounds "9"]
[EventCountry "GER"]
[SourceTitle "EXT 2022"]
[Source "ChessBase"]
[SourceDate "2021.10.06"]
[SourceVersion "1"]
[SourceVersionDate "2021.10.06"]
[SourceQuality "1"]
[WhiteTeam "Rottal Inn"]
[BlackTeam "Kriegshaber SK"]
[WhiteTeamCountry "GER"]
[BlackTeamCountry "GER"]

1. e4 b6 2. d4 Bb7 3. Bd3 e6 4. Nf3 c5 5. c3 Nf6 6. Qe2 Be7 7. 0-0 d5 8. e5 Nfd7 9. Nbd2 Nc6 10. a3 g5 11. g4 Nf8 12. Rd1 Ng6 13. Nf1 Nf4 14. Bxf4 gxf4 15. Qd2 Bg5 16. h4 Bxh4 17. Qxf4 h6 18. Ng3 Bxg3 19. fxg3 Qe7 20. Kg2 0-0-0 21. Rh1 Rdg8 22. Rh4 Qf8 23. Rah1 Ne7 24. Rxh6 Rxh6 25. Qxh6 Qxh6 26. Rxh6 Rxg4 27. Rh7 cxd4 28. cxd4 Nc6 29. Kh3 Re4 30. Bxe4 dxe4 31. Ne1 Nxd4 32. Rxf7 Nc6 33. g4 Nxe5 34. Rf8+ Kd7 35. g5 e3 36. Rf4 Bd5 37. Kg3 Ke7 38. Rf6 a5 39. Kf4 Nc4 40. b3 Nxa3 41. Kxe3 Bxb3 42. Nd3 Nc4+ 43. Kd4 a4 44. Ne5 Nxe5 45. Kxe5 a3 46. g6 a2 47. Rf7+ Ke8 48. Ra7 Kf8 49. Kf6 Bd5 50. g7+ Kg8 51. Kg6 e5 52. Rd7 Be4+ 53. Kh6 a1Q 54. Rd8+ Kf7 55. g8Q+ Ke7 56. Qf8+ Ke6 57. Rd6# 1-0

[Event "Landesliga Sued 1617"]
[Site "Bayern"]
[Date "2017.04.02"]
[Round "8.2"]
[White "Hahn, Christoph"]
[Black "Taggatz, Mario"]
[Result "1/2-1/2"]
[WhiteElo "2086"]
[BlackElo "2166"]
[PlyCount "53"]
[EventDate "2016.10.16"]
[EventType "team-tourn"]
[EventRounds "9"]
[EventCountry "GER"]
[SourceTitle "EXT 2019"]
[Source "ChessBase"]
[SourceDate "2018.10.10"]
[SourceVersion "1"]
[SourceVersionDate "2018.10.10"]
[SourceQuality "1"]
[WhiteTeam "Kriegshaber"]
[BlackTeam "Groebenzell"]
[WhiteTeamCountry "GER"]
[BlackTeamCountry "GER"]

1. d4 d5 2. Nc3 e6 3. Bf4 Bd6 4. e3 Nf6 5. Bd3 b6 6. Nf3 Bxf4 7. exf4 0-0 8. g4 c5 9. g5 Nh5 10. Qd2 Nc6 11. Be2 g6 12. 0-0-0 Bb7 13. Ne5 cxd4 14. Nb5 Nxe5 15. fxe5 Ba6 16. h4 Rc8 17. Qxd4 Rc5 18. a4 Bxb5 19. axb5 Qc7 20. c3 Rc8 21. Rh3 Ng7 22. Rf3 Nf5 23. Rxf5 gxf5 24. h5 Rc4 25. Bxc4 Qxc4 26. Qxc4 Rxc4 27. Rd4 1/2-1/2

[Event "Landesliga Sued 1617"]
[Site "Bayern"]
[Date "2017.02.05"]
[Round "5.2"]
[White "Nuber, Korbinian"]
[Black "Hahn, Christoph"]
[Result "1-0"]
[WhiteElo "2264"]
[BlackElo "2086"]
[PlyCount "127"]
[EventDate "2016.10.16"]
[EventType "team-tourn"]
[EventRounds "9"]
[EventCountry "GER"]
[SourceTitle "EXT 2019"]
[Source "ChessBase"]
[SourceDate "2018.10.10"]
[SourceVersion "1"]
[SourceVersionDate "2018.10.10"]
[SourceQuality "1"]
[WhiteTeam "Dillingen"]
[BlackTeam "Kriegshaber"]
[WhiteTeamCountry "GER"]
[BlackTeamCountry "GER"]

1. e4 c5 2. Nc3 a6 3. Nf3 e6 4. g3 b5 5. Bg2 Bb7 6. d3 d6 7. 0-0 Nf6 8. Re1 Be7 9. e5 dxe5 10. Nxe5 Bxg2 11. Kxg2 0-0 12. Qf3 Ra7 13. a4 b4 14. Nd1 Qd5 15. b3 Qxf3+ 16. Nxf3 Nc6 17. Ne3 Nd5 18. Bb2 Bf6 19. Bxf6 Nxf6 20. Rad1 Rd8 21. Nc4 Nd5 22. Nce5 Nxe5 23. Nxe5 Rc7 24. f4 Ne7 25. Kf2 Nf5 26. Nf3 h6 27. Rd2 Rd5 28. Re5 Rxe5 29. fxe5 Ne7 30. Re2 Nd5 31. Re4 Kf8 32. Ke1 Rc6 33. Kd2 f5 34. exf6 gxf6 35. Rc4 Rc7 36. d4 cxd4 37. Nxd4 Kf7 38. Rxc7+ Nxc7 39. Kd3 e5 40. Nc6 Nd5 41. Nb8 f5 42. Nxa6 e4+ 43. Kd4 Ke6 44. Nc5+ Kd6 45. Nb7+ Kc6 46. Na5+ Kd6 47. Nc4+ Ke6 48. a5 h5 49. h4 Nc7 50. Ne3 Na6 51. Nc4 Nc7 52. Kc5 f4 53. gxf4 Kf5 54. Kb6 Nd5+ 55. Kc6 Ne7+ 56. Kb7 e3 57. Nxe3+ Kxf4 58. a6 Kxe3 59. a7 Kd2 60. a8Q Kxc2 61. Qd8 Ng6 62. Qg5 Nxh4 63. Qxh4 Kxb3 64. Qxh5 1-0

[Event "Bayern-ch"]
[Site "Bad Griesbach"]
[Date "2016.08.24"]
[Round "5"]
[White "Hahn, Christoph"]
[Black "Michalek, Michal"]
[Result "1/2-1/2"]
[WhiteElo "2170"]
[BlackElo "2147"]
[PlyCount "77"]
[EventDate "2016.08.21"]
[EventType "swiss"]
[EventRounds "9"]
[EventCountry "GER"]
[SourceTitle "EXT 2022"]
[Source "ChessBase"]
[SourceDate "2021.10.06"]
[SourceVersion "1"]
[SourceVersionDate "2021.10.06"]
[SourceQuality "1"]

1. d4 d5 2. Nc3 Nf6 3. Bf4 c5 4. e3 cxd4 5. exd4 a6 6. Nf3 Nc6 7. Ne5 e6 8. Be2 Bd6 9. Qd2 Qc7 10. Qe3 0-0 11. Bg3 Bxe5 12. Bxe5 Nxe5 13. dxe5 Nd7 14. f4 b5 15. Bd3 Nc5 16. 0-0 Bb7 17. Ne2 Ne4 18. c3 Rfe8 19. Rae1 Qc5 20. Nd4 b4 21. cxb4 Qxb4 22. a3 Qb6 23. b4 Rac8 24. Rc1 g6 25. Bxe4 dxe4 26. Nf5 Qxe3+ 27. Nxe3 Red8 28. Ng4 e3 29. Nxe3 Rxc1 30. Rxc1 Rd3 31. Nc4 Bd5 32. Nd6 h5 33. Rc8+ Kg7 34. h4 Rxa3 35. Ne8+ Kg8 36. Nf6+ Kg7 37. Ne8+ Kg8 38. Nf6+ Kg7 39. Ne8+ 1/2-1/2

[Event "Landesliga Sued 1516"]
[Site "Bayern"]
[Date "2016.03.13"]
[Round "8.4"]
[White "Hahn, Christoph"]
[Black "Bensch, Patrick"]
[Result "1-0"]
[WhiteElo "2144"]
[BlackElo "2139"]
[PlyCount "63"]
[EventDate "2015.10.11"]
[EventType "team-tourn"]
[EventRounds "9"]
[EventCountry "GER"]
[SourceTitle "EXT 2018"]
[Source "ChessBase"]
[SourceDate "2017.10.13"]
[SourceVersion "1"]
[SourceVersionDate "2017.10.13"]
[SourceQuality "1"]
[WhiteTeam "Kriegshaber"]
[BlackTeam "Rottal"]
[WhiteTeamCountry "GER"]
[BlackTeamCountry "GER"]

1. e4 c5 2. b3 Nf6 3. e5 Nd5 4. Bb2 Nc6 5. Qf3 e6 6. Na3 Nd4 7. Bxd4 cxd4 8. Nc4 b5 9. Nd6+ Bxd6 10. exd6 Qb6 11. Qg4 0-0 12. Nf3 Nb4 13. Kd1 e5 14. a3 Nd5 15. Nxe5 Nf6 16. Qh4 Qxd6 17. Nf3 Bb7 18. Bd3 Rfe8 19. Nxd4 Be4 20. Nxb5 Qe5 21. Nc3 Bxd3 22. cxd3 Nd5 23. Rc1 Rac8 24. Qe4 Qh5+ 25. g4 Rxe4 26. gxh5 Rd4 27. Nxd5 Rxc1+ 28. Kxc1 Rxd5 29. h6 Rxd3 30. Kc2 Rf3 31. Re1 gxh6 32. Ra1 1-0

[Event "Landesliga Sued 1516"]
[Site "Bayern"]
[Date "2015.12.13"]
[Round "4.4"]
[White "Hahn, Christoph"]
[Black "Dmitrenko, Viktor"]
[Result "1/2-1/2"]
[WhiteElo "2144"]
[BlackElo "2315"]
[PlyCount "87"]
[EventDate "2015.10.11"]
[EventType "team-tourn"]
[EventRounds "9"]
[EventCountry "GER"]
[SourceTitle "EXT 2018"]
[Source "ChessBase"]
[SourceDate "2017.10.13"]
[SourceVersion "1"]
[SourceVersionDate "2017.10.13"]
[SourceQuality "1"]
[WhiteTeam "Kriegshaber"]
[BlackTeam "Muenchen 36"]
[WhiteTeamCountry "GER"]
[BlackTeamCountry "GER"]

1. b3 e5 2. Bb2 Nc6 3. e3 Nf6 4. Bb5 Bd6 5. Na3 Na5 6. Be2 a6 7. c4 0-0 8. Nf3 Re8 9. Nc2 e4 10. Nfd4 c5 11. Nf5 Bf8 12. Ng3 b5 13. cxb5 d5 14. 0-0 Re6 15. d3 exd3 16. Bxd3 axb5 17. Bxb5 Rb6 18. Be2 Bb7 19. Bf3 Rd6 20. b4 Nc4 21. Bc3 Ne4 22. bxc5 Nxc3 23. Qe1 Rc6 24. Qxc3 Rxc5 25. Qd4 g6 26. Rab1 Qc7 27. Nb4 Bg7 28. Qd1 Rd8 29. Ne2 d4 30. Bxb7 dxe3 31. Nd3 Nb2 32. Rxb2 Bxb2 33. Ba6 exf2+ 34. Rxf2 Ra5 35. Qb3 Rxa6 36. Nxb2 Rb6 37. Qc3 Rc6 38. Qe3 Rc2 39. Ng3 Rc3 40. Qf4 Rc1+ 41. Nf1 Qxf4 42. Rxf4 Rd2 43. Nc4 Rxa2 44. Nce3 1/2-1/2

[Event "Oberliga Bayern 1415"]
[Site "Germany"]
[Date "2015.03.15"]
[Round "8.5"]
[White "Stankovic, Milos"]
[Black "Hahn, Christoph"]
[Result "1-0"]
[WhiteElo "2421"]
[BlackElo "2185"]
[PlyCount "59"]
[EventDate "2014.10.19"]
[EventType "team-tourn"]
[EventRounds "9"]
[EventCountry "GER"]
[SourceTitle "EXT 2016"]
[Source "ChessBase"]
[SourceDate "2015.10.08"]
[SourceVersion "1"]
[SourceVersionDate "2015.10.08"]
[SourceQuality "1"]
[WhiteTeam "Goeggingen"]
[BlackTeam "Kriegshaber"]
[WhiteTeamCountry "GER"]
[BlackTeamCountry "GER"]

1. e4 b6 2. d4 Bb7 3. Nc3 e6 4. a3 Nf6 5. e5 Ng8 6. Nf3 Be7 7. Bd3 d6 8. 0-0 g5 9. exd6 cxd6 10. d5 e5 11. Bb5+ Kf8 12. Ne4 h6 13. Ng3 Nf6 14. c4 Qc7 15. Be3 a6 16. Ba4 Qxc4 17. Bb3 Qc7 18. Rc1 Qd8 19. Nf5 Nbd7 20. h4 Ng4 21. Nd2 Nxe3 22. fxe3 h5 23. hxg5 Nc5 24. g6 fxg6 25. Nxd6+ Kg7 26. Nf7 Qe8 27. Nxh8 Kxh8 28. Nf3 Nxb3 29. Qxb3 e4 30. Ne5 1-0

[Event "Oberliga Bayern 1415"]
[Site "Germany"]
[Date "2014.11.23"]
[Round "3.6"]
[White "Schmitz, Thorsten"]
[Black "Hahn, Christoph"]
[Result "1-0"]
[WhiteElo "2309"]
[BlackElo "2185"]
[PlyCount "43"]
[EventDate "2014.10.19"]
[EventType "team-tourn"]
[EventRounds "9"]
[EventCountry "GER"]
[SourceTitle "EXT 2016"]
[Source "ChessBase"]
[SourceDate "2015.10.08"]
[SourceVersion "1"]
[SourceVersionDate "2015.10.08"]
[SourceQuality "1"]
[WhiteTeam "Garching"]
[BlackTeam "Kriegshaber"]
[WhiteTeamCountry "GER"]
[BlackTeamCountry "GER"]

1. e4 b6 2. d4 Bb7 3. Nc3 e6 4. Nf3 Bb4 5. Bd3 Nf6 6. Qe2 d5 7. exd5 Nxd5 8. Bd2 Nxc3 9. bxc3 Be7 10. 0-0 Nd7 11. Rfe1 0-0 12. Rad1 Nf6 13. Bf4 Bd6 14. Bg5 h6 15. Bh4 Kh8 16. Ne5 Be7 17. Bg3 Nd7 18. Nxf7+ Rxf7 19. Qxe6 Qe8 20. Bg6 Nf8 21. Bxf7 Nxe6 22. Bxe8 1-0

[Event "Oberliga Bayern 1213"]
[Site "Bayern"]
[Date "2013.01.13"]
[Round "5.5"]
[White "Hahn, Christoph"]
[Black "Singer, Christoph"]
[Result "0-1"]
[WhiteElo "2162"]
[BlackElo "2305"]
[PlyCount "60"]
[EventDate "2012.10.14"]
[EventType "team-tourn"]
[EventRounds "9"]
[EventCountry "GER"]
[SourceTitle "EXT 2015"]
[Source "ChessBase"]
[SourceDate "2014.11.20"]
[SourceVersion "1"]
[SourceVersionDate "2014.11.20"]
[SourceQuality "1"]
[WhiteTeam "Kriegshaber"]
[BlackTeam "Bayern Muenchen II"]
[WhiteTeamCountry "GER"]
[BlackTeamCountry "GER"]

1. b3 e5 2. Bb2 Nc6 3. e3 Nf6 4. Bb5 Bd6 5. Na3 a6 6. Bxc6 dxc6 7. Nc4 Qe7 8. Nf3 Nd7 9. e4 0-0 10. 0-0 Nb6 11. Nxd6 cxd6 12. d4 f6 13. Qd3 Bg4 14. Nd2 c5 15. d5 f5 16. Qg3 Be2 17. Rfe1 f4 18. Qc3 Bh5 19. a4 f3 20. g3 Rf6 21. a5 Nd7 22. Re3 Raf8 23. Ba3 Qf7 24. b4 Bg4 25. Bc1 Qh5 26. Qd3 Rh6 27. Kf1 Qxh2 28. Nxf3 Rxf3 29. Rxf3 Qh1+ 30. Ke2 Rf6 0-1

[Event "Oberliga Bayern 1213"]
[Site "Bayern"]
[Date "2012.11.11"]
[Round "2.6"]
[White "Hahn, Christoph"]
[Black "Gmeiner, Peter"]
[Result "1/2-1/2"]
[WhiteElo "2162"]
[BlackElo "2099"]
[PlyCount "42"]
[EventDate "2012.10.14"]
[EventType "team-tourn"]
[EventRounds "9"]
[EventCountry "GER"]
[SourceTitle "EXT 2015"]
[Source "ChessBase"]
[SourceDate "2014.11.20"]
[SourceVersion "1"]
[SourceVersionDate "2014.11.20"]
[SourceQuality "1"]
[WhiteTeam "Kriegshaber"]
[BlackTeam "Obernau"]
[WhiteTeamCountry "GER"]
[BlackTeamCountry "GER"]

1. b3 d5 2. Bb2 Bg4 3. g3 c6 4. Bg2 Nd7 5. Nf3 Ngf6 6. c4 e6 7. 0-0 Bd6 8. d3 Qe7 9. Nc3 0-0 10. Rc1 Ba3 11. Bxa3 Qxa3 12. Qc2 Bxf3 13. Bxf3 d4 14. Ne4 Nxe4 15. Bxe4 Nc5 16. Bg2 Rfd8 17. Rb1 a5 18. Qb2 Qb4 19. a3 Qb6 20. Qc2 Na6 21. Qd2 Nc5 1/2-1/2

[Event "Arber op 1st"]
[Site "Bayerisch Eisenstein"]
[Date "2012.08.23"]
[Round "6"]
[White "Hahn, Christoph"]
[Black "Hausner, Ivan"]
[Result "0-1"]
[WhiteElo "2132"]
[BlackElo "2387"]
[PlyCount "46"]
[EventDate "2012.08.18"]
[EventType "swiss"]
[EventRounds "9"]
[EventCountry "GER"]
[SourceTitle "CBM 150 Extra"]
[Source "ChessBase"]
[SourceDate "2012.10.19"]
[SourceVersion "1"]
[SourceVersionDate "2012.10.19"]
[SourceQuality "1"]

1. b3 e5 2. Bb2 d6 3. e3 Nf6 4. Be2 g6 5. c4 Bg7 6. Nc3 0-0 7. Nf3 Nbd7 8. d4 e4 9. Nd2 Re8 10. g4 c5 11. d5 h6 12. h4 Nf8 13. Qc2 Bxg4 14. Bxg4 Nxg4 15. Ndxe4 f5 16. Nd2 f4 17. e4 Nd7 18. Ne2 Bxb2 19. Qxb2 Nde5 20. Qc3 Qf6 21. Rb1 f3 22. Ng1 Nxf2 23. Kf1 Nxh1 0-1

[Event "Arber op 1st"]
[Site "Bayerisch Eisenstein"]
[Date "2012.08.20"]
[Round "3"]
[White "Ivanov, Artem"]
[Black "Hahn, Christoph"]
[Result "0-1"]
[WhiteElo "1945"]
[BlackElo "2132"]
[PlyCount "66"]
[EventDate "2012.08.18"]
[EventType "swiss"]
[EventRounds "9"]
[EventCountry "GER"]
[SourceTitle "CBM 150 Extra"]
[Source "ChessBase"]
[SourceDate "2012.10.19"]
[SourceVersion "1"]
[SourceVersionDate "2012.10.19"]
[SourceQuality "1"]

1. e4 c5 2. Nf3 e6 3. d4 cxd4 4. Nxd4 a6 5. Nc3 Qc7 6. Bd3 Nf6 7. 0-0 Bc5 8. Nf3 d6 9. Qe2 0-0 10. h3 Nc6 11. Bf4 Nd4 12. Qd1 Nd7 13. Be3 Nxf3+ 14. Qxf3 Ne5 15. Qg3 Bxe3 16. Qxe3 b5 17. f4 Nxd3 18. cxd3 b4 19. Ne2 Bd7 20. Kh2 Rac8 21. Ng3 Qa5 22. Qf3 Rc2 23. Nh5 f5 24. Qg3 Rf7 25. a3 fxe4 26. Qh4 exd3 27. axb4 Qd5 28. Rg1 Bc6 29. Qg5 Qxg5 30. fxg5 Rff2 31. h4 Rxg2+ 32. Rxg2 Rxg2+ 33. Kh3 Rxb2 0-1

[Event "Arber op 1st"]
[Site "Bayerisch Eisenstein"]
[Date "2012.08.19"]
[Round "2"]
[White "Hahn, Christoph"]
[Black "Werner, Holger"]
[Result "0-1"]
[WhiteElo "2132"]
[BlackElo "1878"]
[PlyCount "62"]
[EventDate "2012.08.18"]
[EventType "swiss"]
[EventRounds "9"]
[EventCountry "GER"]
[SourceTitle "CBM 150 Extra"]
[Source "ChessBase"]
[SourceDate "2012.10.19"]
[SourceVersion "1"]
[SourceVersionDate "2012.10.19"]
[SourceQuality "1"]

1. b3 Nf6 2. Bb2 d5 3. e3 Nc6 4. Nf3 Bg4 5. Bb5 a6 6. Bxc6+ bxc6 7. h3 Bc8 8. d3 e6 9. Nbd2 Be7 10. 0-0 0-0 11. c4 Nd7 12. Qc2 Bb7 13. Rac1 Rc8 14. Rfd1 f5 15. Nd4 Rf6 16. cxd5 exd5 17. e4 fxe4 18. dxe4 Bc5 19. e5 Rxf2 20. Kxf2 Qh4+ 21. g3 Qxh3 22. Rh1 Rf8+ 23. N2f3 Rxf3+ 24. Kxf3 Nxe5+ 25. Kf2 Ng4+ 26. Kf3 Ne5+ 27. Kf2 Ng4+ 28. Kg1 Qxg3+ 29. Qg2 Qe3+ 30. Kf1 Bxd4 31. Rc2 Qd3+ 0-1

[Event "Oberliga Bayern 1112"]
[Site "Bayern"]
[Date "2012.04.15"]
[Round "9.6"]
[White "Lautner, Josef"]
[Black "Hahn, Christoph"]
[Result "1/2-1/2"]
[WhiteElo "2172"]
[BlackElo "2125"]
[PlyCount "45"]
[EventDate "2011.10.02"]
[EventType "team-tourn"]
[EventRounds "9"]
[EventCountry "GER"]
[SourceTitle "EXT 2015"]
[Source "ChessBase"]
[SourceDate "2014.11.20"]
[SourceVersion "1"]
[SourceVersionDate "2014.11.20"]
[SourceQuality "1"]
[WhiteTeam "Passau"]
[BlackTeam "Kriegshaber"]
[WhiteTeamCountry "GER"]
[BlackTeamCountry "GER"]

1. d4 Nf6 2. c4 e6 3. Nf3 b6 4. e3 Be7 5. Nc3 Bb7 6. Bd3 c5 7. 0-0 cxd4 8. exd4 d5 9. cxd5 Nxd5 10. Bb5+ Bc6 11. Bc4 0-0 12. Ne5 Bb7 13. Qf3 Bb4 14. Nxd5 Bxd5 15. Bxd5 Qxd5 16. Qxd5 exd5 17. Bf4 Bd6 18. Rfc1 Na6 19. Nd3 Rfd8 20. Rc3 h6 21. Bxd6 Rxd6 22. Rac1 Re8 23. Kf1 1/2-1/2

[Event "Oberliga Bayern 1112"]
[Site "Bayern"]
[Date "2011.11.20"]
[Round "3.7"]
[White "Scheckenbach, Franz"]
[Black "Hahn, Christoph"]
[Result "1/2-1/2"]
[WhiteElo "2166"]
[BlackElo "2125"]
[PlyCount "121"]
[EventDate "2011.10.02"]
[EventType "team-tourn"]
[EventRounds "9"]
[EventCountry "GER"]
[SourceTitle "EXT 2013"]
[Source "ChessBase"]
[SourceDate "2012.11.22"]
[SourceVersion "1"]
[SourceVersionDate "2012.11.22"]
[SourceQuality "1"]
[WhiteTeam "Groebenzell"]
[BlackTeam "Kriegshaber"]
[WhiteTeamCountry "GER"]
[BlackTeamCountry "GER"]

1. e4 c5 2. Nf3 e6 3. d4 cxd4 4. Nxd4 a6 5. Bd3 Bc5 6. Be3 Qb6 7. c3 Nc6 8. Nd2 Qa7 9. N2b3 Bb6 10. Qg4 g6 11. Qg3 Nge7 12. 0-0 e5 13. Nxc6 Nxc6 14. Bh6 d6 15. Bc4 Nd8 16. Rad1 Qb8 17. Rd2 Be6 18. Bxe6 Nxe6 19. Rfd1 Bc7 20. h4 Qd8 21. Rd5 Qe7 22. Nd2 f5 23. Qh3 Qf7 24. Nc4 fxe4 25. Nxd6+ Bxd6 26. Rxd6 Nf4 27. Bxf4 exf4 28. Re6+ Kf8 29. Rxe4 Re8 30. Red4 f3 31. Qg4 h5 32. Qg5 Qe7 33. Qf4+ Qf7 34. Qd6+ Kg7 35. Rf4 Qe7 36. Qd4+ Kh7 37. Qc4 Rhf8 38. Rfd4 b5 39. Qd3 Qf6 40. Rd6 Re6 41. Rxe6 Qxe6 42. Qd7+ Qxd7 43. Rxd7+ Kh6 44. gxf3 Rxf3 45. Rd6 Rf4 46. Rxa6 Rxh4 47. f3 Rf4 48. Kg2 Rf8 49. Rb6 Rf5 50. Rd6 Re5 51. Kf2 h4 52. Rd4 Kh5 53. a4 bxa4 54. Rxa4 Rd5 55. b4 Rd2+ 56. Ke3 Rc2 57. Ra5+ Kh6 58. Kd3 Rf2 59. Ke3 Rc2 60. Kd3 Rf2 61. Ke3 1/2-1/2

[Event "Oberliga Bayern 1112"]
[Site "Bayern"]
[Date "2011.10.23"]
[Round "2.7"]
[White "Hahn, Christoph"]
[Black "Schmid, Roland1"]
[Result "1/2-1/2"]
[WhiteElo "2125"]
[BlackElo "2235"]
[PlyCount "108"]
[EventDate "2011.10.02"]
[EventType "team-tourn"]
[EventRounds "9"]
[EventCountry "GER"]
[SourceTitle "EXT 2013"]
[Source "ChessBase"]
[SourceDate "2012.11.22"]
[SourceVersion "1"]
[SourceVersionDate "2012.11.22"]
[SourceQuality "1"]
[WhiteTeam "Kriegshaber"]
[BlackTeam "Neutraubling"]
[WhiteTeamCountry "GER"]
[BlackTeamCountry "GER"]

1. Nf3 e6 2. g3 f5 3. Bg2 Nf6 4. b3 d5 5. d4 Bd6 6. 0-0 Qe7 7. a4 a5 8. Ba3 0-0 9. c4 Bxa3 10. Nxa3 c6 11. Nc2 b6 12. Nce1 Bb7 13. Nd3 Nbd7 14. Rc1 Rfc8 15. Nfe5 Nxe5 16. Nxe5 c5 17. cxd5 Bxd5 18. Nc4 Bxg2 19. Kxg2 Rd8 20. e3 cxd4 21. exd4 Qb7+ 22. f3 b5 23. axb5 Qxb5 24. Qe1 Ra6 25. Qe3 Nd5 26. Qg5 Rf8 27. Rf2 f4 28. h4 fxg3 29. Qxg3 Ra7 30. f4 Qc6 31. Kh2 Qc7 32. Re1 a4 33. Rxe6 axb3 34. Ne5 Ra2 35. Rc6 Qa7 36. Rc5 b2 37. Rb5 Qxd4 38. Rg2 Ra7 39. Nc6 Qa4 40. Nxa7 Qxa7 41. Qb3 Qf7 42. Rxb2 Qxf4+ 43. Qg3 Qd4 44. Rb8 Nf6 45. Rxf8+ Kxf8 46. Qa3+ Kf7 47. Rb7+ Kg6 48. Qg3+ Ng4+ 49. Kh3 h5 50. Rb5 Qd1 51. Rg5+ Kh6 52. Qg2 Qd3+ 53. Qg3 Qf1+ 54. Qg2 Qd3+ 1/2-1/2